Estadísticas para Países por Imagen de Satélite Parcial #3

Haz click aquí para intentar la prueba.

Estadísticas generales

  • Esta prueba ha sido intentada 1.304 veces
  • La puntuación promedio es 11 de 15

Estadísticas de respuestas

Respuesta% Correcto
Egipto
93%
Islandia
89%
Irlanda
86%
Noruega
86%
Rusia
83%
Australia
78%
China
78%
Canadá
77%
Estados Unidos
71%
India
68%
Haití
64%
Chile
61%
Tailandia
55%
Países Bajos
41%
Senegal
23%

Distribución de puntuación

Porcentaje por número respondido

Porcentaje de gente con cada puntuación

Historial de tus puntuaciones

No has intentado esta prueba.